000 01811nam0a22003011 4500
001 rc\2582362
005 20250623120429.0
035 _a(NLR Aleph) 006746813
090 _a5702619
_c5702619
100 _a20110914d1928 |||y0rusy50 ca
101 0 _arus
102 _aRU
105 _aab z |||||
200 1 _aОпределитель насекомых
_e(С 118 рис., 1414 отдельн. изображениями )
_fСоставили: В. В. Алпатов (доц. Моск. ун-та), Л. Е. Аренс (асс. Науч. ин-т им. Лесгафта), К. В. Арнольди (асс. Моск. ун-т)... [и др.]
_gПод ред. И. Н. Филипьева ученого специалиста Гос. ин-та опытной агрономии, доцента Ленингр. ун-та
_gГос. ин-т опытной агрономии. Отд. прикладной энтомологии
210 _aМосква
_cНовая деревня
_d1928
_eЛенинград
_gтип. Печатный двор Госуд. изд-ва
215 _aVIII, 943 с.
_cил., черт., карт.
_d23x15 см.
300 _aВ коленкоровом переплете
702 1 _aФилипьев
_bИ.Н.
_4340
702 1 _aАрнольди
_bК.В.
_4220
702 1 _aАренс
_bЛ.Е.
_4220
702 1 _4220
_7ca
_8rus
_aАлпатов
_bВ. В.
_cд-р биол. наук, зоолог
_f1898-1979
_gВладимир Владимирович
_9211034
_3RU\NLR\AUTH\770211090
712 0 2 _aГосударственный институт опытной агрономии (Ленинград)
_bОтдел прикладной энтомологии
801 0 _aRU
_bNLR
_gpsbo
801 1 _aRU
_bELAR
_2rusmarc
852 _aNLR
_j44/283
942 _cBOOK
980 _aNB